Logo BPK

Biblioteka

Politechniki Koszalińskiej

Piece i urządzenia plazmowe. (Rekord nr 42148)

Szczegóły MARC
000 -ETYKIETA REKORDU
podpole kontrolne o stałej długości 00833nam a2200241 i 4500
001 - NUMER KONTROLNY REKORDU
pole kontrolne bg
020 ## - MIĘDZYNARODOWY ZNORMALIZOWANY NUMER KSIĄŻKI - ISBN
ISBN 8371931468 (cz. 1)
020 ## - MIĘDZYNARODOWY ZNORMALIZOWANY NUMER KSIĄŻKI - ISBN
ISBN 837193145X (całość)
040 ## - ŹRÓDŁO KATALOGOWANIA
Instytucja, która utworzyła rekord BPK
041 0# - KOD JĘZYKA
Kod języka tekstu pl
080 ## - UNIWERSALNA KLASYFIKACJA DZIESIĘTNA - UKD
UKD 533.9:537.5:621.365:621.791/.795:669.041
920 ## - Międzynarodowy znormalizowany numer książki – ISBN
ISBN 83-7193-146-8 (cz. 1)
920 ## - Międzynarodowy znormalizowany numer książki – ISBN
ISBN 83-7193-145-X (całość)
008 - POLE O STAŁEJ DŁUGOŚCI - DANE KONTROLNE
podpole kontrolne o stałej długości s pl f |000 0 pol
100 1# - NAZWA OSOBOWA
Nazwa osobowa KRUČININ, Anatolij Mihajlovič.
245 10 - TYTUŁ/ODPOWIEDZIALNOŚĆ
Tytuł Piece i urządzenia plazmowe.
Oznaczenie części/sekcji dzieła Cz. 1,
Tytuł części/sekcji dzieła Piece i urządzenia plazmowe ciśnienia atmosferycznego /
Pozostałe elementy strefy tytułu i oznaczenia odpowiedzialności Anatoli M. Kruczinin, Antoni Sawicki ; Politechnika Częstochowska.
260 ## - STREFA ADRESU WYDAWNICZEGO
Miejsce wydania Częstochowa :
Nazwa wydawcy/dystrybutora Wydaw. PC,
Data publikacji, dystrybucji/powstania dokumentu 2001.
300 ## - STREFA OPISU FIZYCZNEGO
Objętość 187 s. :
Inne cechy fizyczne il. ;
Rozmiary 24 cm.
650 #9 - HASŁO PRZEDMIOTOWE W FORMIE NAZWY OGÓLNEJ LUB JEDNOSTKOWEJ
Nazwa ogólna lub geograficzna Plazma (fiz.)
Określnik ogólny urządzenia
700 1# - HASŁO DODATKOWE - NAZWA OSOBOWA
Nazwa osobowa SAWICKI, Antoni.
710 #0 - HASŁO DODATKOWE - NAZWA CIAŁA ZBIOROWEGO
Nazwa ciała zbiorowego lub jednostki geograficznej Politechnika Częstochowska
856 ## - LOKALIZACJA I DOSTĘP DO ELEKTRONICZNYCH DOKUMENTÓW ZDALNYCH
Link (URL) http://koha.tu.koszalin.pl/cgi-bin/koha/opac-detail.pl?biblionumber=42148
Tekst linku Katalog online BPK
942 ## - DODATKOWE ELEMENTY (KOHA)
Typ dokumentu Książka
Egzemplarze
Wycofany Status egzemplarza Uszkodzony Dostępność Lokalizacja stała Lokalizacja bieżąca Miejsce przechowywania Sygnatura Kod kreskowy Typ dokumentu
      Dostępny Biblioteka Politechniki Koszalińskiej Biblioteka Politechniki Koszalińskiej Wypożyczalnia BG 65903 01905038 Książka
© 2023 Biblioteka Politechniki Koszalińskiej :: KOHA